00282nam a2200121Ia 4500008004100000020002200041041000800063082000800071100001300079245003100092260002900123300000800152230724s2007 xx und d a978 1 845332 18 1 aeng a721 aJONES W. aNEW TRANSPORT ARCHITECTURE bOCTOPUS PUBLISHINGc2007 a406